000 00667nam a2200169 a 4500
008 100108s1975 ||||||||||||||||| || u
050 _aGOV.ZAM(08)TM/7
100 _aAcharya, U. R
245 1 0 _aMeteorological aspects of air pollution in Zambia
_cBy U. R. Acharya
260 _aLusaka:
_bGovernment Printer
_c1975
350 _a0.00
490 _aMeteorological Department Technical Memorandum
500 _aTechnical Memorandum No. 7
650 _aAIR POLLUTION--ZAMBIA
650 _aMETEOROLOGY--ZAMBIA
995 _D0.00
_FCBU-MAIN LIBRARY (Kitwe)
_H1
_I0.00
_M1
_UAVAILABLE
_WJan 8, 2010
_ZZambiana Collection
999 _c51028
_d51028